000 00338 a2200121 4500
001 92366
082 _aPR 2652
090 _c44335
_d44336
100 _aTaimur Ahmad, Prof Taimur Ali and M. Ayaz (Advisors)
245 _aCFD Analysis of Vertical Tail of JF - 17 Aircaft
_n79'A' EC
260 _aIslamabad
_bNUST
_c2015
300 _axii,68p.
942 _aCAE NUST
_kPR 2562
999 _c327439
_d327439